competition success yearbook 1997 (Record no. 12109)

MARC details
000 -LEADER
fixed length control field 00488nam a2200157Ia 4500
003 - CONTROL NUMBER IDENTIFIER
control field IN-BaIIA
008 - FIXED-LENGTH DATA ELEMENTS--GENERAL INFORMATION
fixed length control field 211028s9999 xx 000 0 eng d
040 ## - CATALOGING SOURCE
Transcribing agency IIA Library
080 ## - UNIVERSAL DECIMAL CLASSIFICATION NUMBER
Universal Decimal Classification number 058(100)
Item number SAC
245 #0 - TITLE STATEMENT
Title competition success yearbook 1997
Statement of responsibility, etc. edited by S. K. Sachdeva
260 ## - PUBLICATION, DISTRIBUTION, ETC.
Place of publication, distribution, etc. New Delhi
Name of publisher, distributor, etc. Competition Review
Date of publication, distribution, etc. 1997
300 ## - PHYSICAL DESCRIPTION
Extent 844p.
650 ## - SUBJECT ADDED ENTRY--TOPICAL TERM
Topical term or geographic name entry element General Knowledge, Yearbook.
9 (RLIN) 21097
700 ## - ADDED ENTRY--PERSONAL NAME
Personal name Sachdeva, S. K., ed.
9 (RLIN) 13328
942 ## - ADDED ENTRY ELEMENTS (KOHA)
Koha item type Books
Holdings
Withdrawn status Lost status Source of classification or shelving scheme Damaged status Not for loan Home library Current library Shelving location Date acquired Cost, normal purchase price Total Checkouts Full call number Barcode Date last seen Cost, replacement price Price effective from Koha item type Purchase Price
    Dewey Decimal Classification     IIA Library-Bangalore IIA Library-Bangalore General Stacks 25/05/1997 100.00   058(100)/ SAC 13025 05/11/2021 100.00 25/05/1997 Books Rs. 100.00

Powered by Koha